000 00641nam a2200217 a 4500
001 59382
003 BD-RjUL
005 20211209080725.0
008 161224s1965 pk 000 0 beno
035 _a(BD-RjUL)59506
040 _aBD-RjUL
_cBD-RjUL
_dBD-RjUL
_beng
041 _aeng
082 _223
_a297.125
_bROM 1965
100 1 _aRobson, James
_9176617
245 _aMishkat al-masabih :
_bEnglish translation with explanatory notes /
_cJames Robson
260 _aLahore, Pak. :
_bSH. Muhammad Ashraf,
_cc1965
300 _av.
_c25 cm.
505 0 _av. 4. (Being Parts XVI-XVIII) --
650 _aHadith
_9176618
942 _2ddc
_cBK
999 _c59382
_d59382